Interdit sur JetPunk - Mort Subite - Statistiques

Statistiques générales
  • Ce quiz a été pris 1 221 fois
  • Le résultat moyen est 5 sur 10
Answers on the Grid
Answers color-coded by a green-red scale on the quiz's grid according to % correct below.
Les noms d'utilisateurs contenant des propos illégaux
Insulter une personne
Insulter un groupe
Être vulgaire
Le contenu sexuel
Des illustrations d'utilisation drogues illégales
Des descriptons d'utilisation de drogues illégales
Des images d'une personne non-célèbre
Le harcèlement
Le spam de commentaires
Les signalements à répétition
L'activisme politique
Être âgé de moins de 13 ans
Le drapeau Nazi
Placer Chypre en Europe
 
Statistiques - réponses
Réponse % Correct
Le contenu sexuel
79%
Insulter une personne
77%
Insulter un groupe
66%
Le harcèlement
66%
Le drapeau Nazi
53%
Être vulgaire
49%
Des illustrations d'utilisation drogues illégales
43%
Des descriptons d'utilisation de drogues illégales
32%
L'activisme politique
20%
Des images d'une personne non-célèbre
12%
Aucun quiz correspondant
Distribution des résultats
% des personnes avec chaque résultat
Percentile par nombre de réponses
Votre historique - résultats
Vous n’avez pas pris ce quiz